Torts Cases, Principles, and Institutions /

Detalles Bibliográficos
Autor principal: Witt, John Fabian
Formato: eBook
Lenguaje:inglés
Publicado: Chicago: The Center for Computer - Assisted Legal Instruction (CALI), 2016
Edición:Second Edition
Materias:
Acceso en línea:Acceso restringido

MARC

LEADER 00000nam a22000007a 4500
005 20180430200628.0
007 cr|||| ||||
008 180430s2016 us |||||s|||| 00||0 eng d
035 |a 21516 
040 |a vLex 
090 |c 7868  |d 7868 
100 1 |a Witt, John Fabian 
245 1 0 |a Torts  |h [Recurso electrn̤ico] :  |b Cases, Principles, and Institutions /  |c John Fabian Witt 
250 |a Second Edition 
256 |a Servicio en ln̕ea 
260 |a Chicago:  |b The Center for Computer - Assisted Legal Instruction (CALI),  |c 2016 
300 |a 1 recurso electrn̤ico 
506 1 |a Disponible solo en los productos indicados  |d vLex Global  |d vLex Global (Academic Edition, excluding Law Schools)  |d vLex Global (U.S. Academic Edition, Law Schools)  |d vLex Global (U.S. Academic Edition, excluding Law Schools)  |d vLex Global (Academic Edition, Law Schools) 
650 0 4 |a Derecho Penal  |z Estados Unidos 
740 0 |a vLex Libros (Servicio en ln̕ea) 
856 4 0 |u http://vlex.com/source/torts-cases-principles-institutions-eecond-edition-21516  |z Acceso restringido 
942 |c BOOK 
999 0 |a Criminal law